Ładuje się......
Astronomy and mathematics in Kerala /
| 1. autor: | |
|---|---|
| Format: | Printed Book |
| Język: | English |
| Hasła przedmiotowe: |
| LEADER | 00472nam a22001337a 4500 | ||
|---|---|---|---|
| 008 | 170811b xxu||||| |||| 00| 0 eng d | ||
| 999 | |c 19938 |d 19938 | ||
| 082 | |a M 520 |b KUN | ||
| 100 | |a Kunjunniraja, K | ||
| 245 | |a Astronomy and mathematics in Kerala / |c K. Kunjunniraja | ||
| 300 | |a 167p. | ||
| 650 | |a Astronomy | ||
| 942 | |2 ddc |c REF | ||
| 952 | |0 0 |1 0 |2 ddc |4 0 |6 M_520_000000000000000_KUN |7 0 |9 27664 |a MAIN |b MAIN |d 2017-08-11 |e Maya Venugopal shekharam |o M 520 KUN |p 068 |r 2017-08-11 |w 2017-08-11 |y REF | ||